Arc formation in the Western Alps and Carpathians: a comparison

Bibliographic Details
Main Author: Schmid, S.M (Author)
Format: Article
Language:Slovak
English
ISSN:1335-0552
Subjects:

MARC

LEADER 00000nab a2200000 a 4500
001 vtls000863178
003 SK-MaSNL
005 20260304120646.0
008 250429c1999 xo 0 slo
015 |a SNBRB2004/02-05489 
035 |a CLN000214743 
035 |a urn:nbn:sk:snk-ab792t 
035 |a (uuid)250d4c60-5ad1-47e0-86ac-9ac96ac9df45 
035 |a (urnnbn)urn:nbn:sk:snk:ar-a077y9 
035 |a (sysno)vtls000863178 
040 |a SNKBUCL  |b slo  |c SNKBUCL  |e AACR2 
041 0 |a eng 
044 |a xo  |c SK 
080 |a 551.24.03(292.451/.454+234.31)  |2 1997 
100 1 |a Schmid, S.M.  |4 aut  |9 1424857 
245 1 0 |a Arc formation in the Western Alps and Carpathians: a comparison  |c S.M. Schmid 
504 |a Bibliogr. odkazy 
650 0 7 |a orogenéza  |x tvorba oblúka  |z Karpaty  |z Západné Alpy  |2 snkbucl  |9 1424858 
655 7 |a články z novín a časopisov  |2 snkbucl  |9 267496 
773 0 |t Geologica carpathica  |g Roč. 50, špec. č. (1999), s. 169-170  |x 1335-0552 
850 |a Slovenská národná knižnica 
852 |a Slovenská národná knižnica 
958 |a article27 
958 |a NB 
958 |a OND 
958 |a EUIPO 
999 |c 2880949  |d 2882879